| 000 | 01424nam a2200241 4500 | ||
|---|---|---|---|
| 005 | 20160404142319.0 | ||
| 008 | 160404s1827 sp ||||fr|||| 001 0 spa d | ||
| 040 |
_aCO-BoUCM _bspa _cSandra Yazo _dSandra Yazo |
||
| 041 | 1 | _aspa | |
| 082 | 0 | 4 |
_220 _a280.4 |
| 092 | _aE39N004 | ||
| 100 | 1 |
_aCobbett, William _d1763-1835 _976433 |
|
| 245 | 1 | 0 |
_aHistoria de la reforma protestante en Inglaterra e Irlanda _bEn la cual se demuestra que dicha reforma ha empobrecido y degradado la masa del pueblo en ambos países ... _cpor Sir William Cobbett ; Traducida del inglés al castellano ... por ... Alfonso Chalumeau de Verneuil |
| 260 |
_aMadrid (España) _bImprenta y librería de Sancha _c1827 |
||
| 300 |
_a2 volúmnes (xviii, 342 ; 388 páginas) _c18 x 12 cm. |
||
| 500 | _aDetalles físicos: Encuadernación rígida en cartón forrado en cuero. Lomo con tejuelos pintados, adornos en dorado y repujados. Guardas en papel de agua. Anteportada, al verso una firma. Portada impresa en una sola tinta. Cenefas. Texto impreso en una sola columna, algunas notas al pie de página. Papel con algunas manchas. Ejemplares en buen estado de conservación | ||
| 505 | 2 | _aV.1: carta 1 – 8 ; V.2: Carta 9 – 16 | |
| 506 | _aConsulta en sala | ||
| 650 | 7 |
_923300 _aReforma protestante _zInglaterra |
|
| 650 | 7 |
_922679 _aProtestantismo |
|
| 690 |
_aFilosofía de la religión _915775 |
||
| 942 |
_2LOCAL _cLIBRO _e1 _hE39N004 |
||
| 999 |
_c303111 _d303111 |
||